| 000 | 00402nam a22001457a 4500 | ||
|---|---|---|---|
| 082 |
_a598 _bOAT |
||
| 100 |
_aOates, Eugene W _949889 |
||
| 245 |
_aThe fauna of british india _cEugene W Oates |
||
| 260 |
_aLondon _bTaylor and Francis _c1890 |
||
| 300 | _ax, 407p.: | ||
| 526 |
_a0 _b0 _c0 _d598_000000000000000_OAT |
||
| 526 |
_a0 _b0 _c0 _d598_000000000000000_OAT |
||
| 650 |
_aMCE _9379 |
||
| 942 |
_2ddc _cBK |
||
| 999 |
_c552633 _d552633 |
||